Science Quiz

Random Science or Animal Quiz
Score 0/24 Timer 10:00
0 Plays Today
% Correct
European Otter
69.5%
Red Fox
64%
European Pine Marten
63.4%
Red Squirrel
60.6%
Eurasian Badger
59.9%
Brown Long-eared Bat
59.2%
Common Pipistrelle
55.8%
European Common Brown Frog
55.5%
Eurasian Pygmy Shrew
52.7%
Wood Mouse
50%
West European Hedgehog
49%
Brandt's Bat
46.9%
% Correct
Stoat
46.9%
Mountain Hare
45.9%
Daubenton's Bat
44.2%
Lesser Horseshoe Bat
40.8%
Natterjack Toad
37.7%
Nathusius Pipistrelle
35.6%
Natterer's Bat
32.5%
Smooth Newt
32.5%
Leisler's Bat
31.5%
Whiskered Bat
27.4%
Soprano Pipistrelle
27.1%
Viviparous Lizard
26.4%

You're not logged in!

Compare scores with friends on all Sporcle quizzes.
OR
Log In

Sporcle TV

Today on Sporcle TV


Watch our educational content, quiz creation guides, and fun videos on Sporcle TV.

Show Comments

Extras

Top Quizzes Today


Score Distribution

Paid Content

Your Account Isn't Verified!

In order to create a playlist on Sporcle, you need to verify the email address you used during registration. Go to your Sporcle Settings to finish the process.

Report this User

Report this user for behavior that violates our Community Guidelines.

Details: